000 00532nam a2200181Ia 4500
003 IN-BaIIA
008 211028s9999 xx 000 0 eng d
020 _a0-586-08095-3
040 _cIIA Library
080 _a03:621
_bPAL-1
110 _aBibliographisches Institut 
_913090
245 0 _aHow things works
_bvol. 1, the universal encyclopedia of machines
_cBibliographisches Institut 
260 _aLondon
_bGranada
_c1982
300 _a590p.
650 _aMachines Encyclopedia
_99933
650 _aNASA Thesaurus
942 _cBK
999 _c7747
_d7747